Central Library and Information Centre
Sibsagar Girls' College, Sivasagar : Assam

THE RAMAYANA : ITS IMPACT ON LIFE & CULTURE (Record no. 19815)

MARC details
000 -LEADER
fixed length control field 00478cam a2200181ua 4500
008 - FIXED-LENGTH DATA ELEMENTS--GENERAL INFORMATION
fixed length control field 131019n II |||gr||||Z||||||eng
040 ## - CATALOGING SOURCE
Original cataloging agency MAIN
041 ## - LANGUAGE CODE
-- English
082 ## - DEWEY DECIMAL CLASSIFICATION NUMBER
Classification number 294.592 2 SAR
100 ## - MAIN ENTRY--PERSONAL NAME
Personal name BHARALI, DR. BIVA (Ed./-).
245 ## - TITLE STATEMENT
Title THE RAMAYANA : ITS IMPACT ON LIFE & CULTURE
260 ## - PUBLICATION, DISTRIBUTION, ETC.
Place of publication, distribution, etc. [s.l]:
Name of publisher, distributor, etc. HRIDAYANANDA GOGOI, SECRETARY,
Date of publication, distribution, etc. 2003.
300 ## - PHYSICAL DESCRIPTION
Extent 242:
Dimensions 20CM.
700 ## - ADDED ENTRY--PERSONAL NAME
Personal name SARMAH, PRIYANKA (Ed./-).
942 ## - ADDED ENTRY ELEMENTS (KOHA)
Koha item type Books
653 ## - INDEX TERM--UNCONTROLLED
Uncontrolled term RAMAYANA
Holdings
Withdrawn status Lost status Damaged status Not for loan Collection code Home library Current library Shelving location Date acquired Full call number Barcode Date last seen Copy number Price effective from Koha item type Public note
        REFASM Central Library and Information Centre Sibsagar Girls College Central Library and Information Centre Sibsagar Girls College Religious Books 04.10.2013 294.592 2 SAR 30194 27.02.2020 1 27.02.2020 Books V


Sibsagar Girl's College © 2020. All rights reserved.
Powered by Koha.
Maintained by Abhijit Borpuzari.